005130000a22001690004500060000800000082002000008100002500028100001300053245004600066260002700112260000900139300000800148650004300156942000700199999001900206952011800225 a100 a581. 52643 DUF aDuffey E, Morris M G aSheail J aGrassland ecology and wildlife management aLondon, Chapman & Hall c1974 a281 aPlant ecology/ grass lands- management cBK c349809d349809 00104070aKAUCOAVbKAUCOAVd2014-05-02l0o581. 52643 DUFpKAU_COAV-14292r2014-05-02 00:00:00w2014-05-02yBK